Biología 1 : el organismo humano, funciones de nutrición, relación y control /
Guardado en:
| Autor Principal: | |
|---|---|
| Otros Autores: | , |
| Formato: | Libro |
| Publicado: |
Argentina :
Longseller,
2003.
|
| Materias: | |
| Etiquetas: |
Agregar Etiqueta
Sin Etiquetas, Sea el primero en etiquetar este registro!
|
| LEADER | 00673nam a22002055a 4500 | ||
|---|---|---|---|
| 001 | CEM.cems017299 | ||
| 005 | 20151109124318.0 | ||
| 008 | 130507s2003##################000#0#####d | ||
| 003 | CEMS | ||
| 020 | |a 9875501336 | ||
| 082 | 0 | 4 | |a 574 |
| 100 | 1 | |a Suárez, Hilda | |
| 245 | 1 | 0 | |a Biología 1 : |b el organismo humano, funciones de nutrición, relación y control / |c Hilda Suárez, Débora Frid ; coordinación de Ana María Espinoza |
| 260 | |a Argentina : |b Longseller, |c 2003. | ||
| 300 | |a 111 p. | ||
| 653 | |a Biología | ||
| 653 | |a Nutrición | ||
| 700 | 1 | |a Frid, Débora | |
| 700 | 1 | |a Espinoza, Ana María (coord.) | |
| 859 | |a CEMS |b BIB. CEMS - Agricultura |h 574 |i Su123-2 |p A0529.04 |t Ej.1 | ||
